000 00324nam a2200145Ia 4500
100 _aVinogradov
650 _aElectrical Engineering
942 _cBK
654 _aElectrician
245 _aThe Industrial Electrician
260 _bMir Publishers
_aMoscow
_c1970
082 _a621.3
300 _a358
546 _aENGLISH
999 _c33761
_d33761